000 00629nam a2200241Ia 4500
003 OSt
005 20221007111122.0
006 a|||||r|||| 00| 0
007 ta
008 221006b |||||||| |||| 00| 0 eng d
024 _a22,605
037 _cTextual
040 _aLCO
_cLCO
_beng
041 _2eng
_aeng
082 _aX72:(Z2), L9
100 _aGhuge V.B. Ed.
_9698124
245 0 _aStates' Taxation in Indian Federation
260 _aPoona
_bMehta Publlishing House India
_c1979
300 _a191
650 _aTAX
942 _hX72:(Z2), L9
_cTEXL
999 _c1192168
_d1192168